Statistics for Plural Countries of the World

Click here to take the quiz!

General Stats

  • This quiz has been taken 17 times
  • The average score is 9 of 10

Answer Stats

HintAnswer% Correct
mMarshall Islands
94%
pPhilippines
94%
sSeychelles
94%
sSolomon Islands
94%
uUnited Arab Emirates
88%
uUnited States
88%
mMaldives
81%
nNetherlands
81%
sSaint Vincent and the Grenadines
81%
bBahamas
75%

Score Distribution

Percentile by Number Answered

Percent of People with Each Score

Your Score History

You have not taken this quiz